000 01501nam a2200385Ia 4500
001 ebr10547375
003 CaPaEBR
006 m u
007 cr cn|||||||||
008 120119s2012 dcu sb 001 0 eng d
020 _z1616352027
020 _z9781463991524
020 _z9781616352028
040 _aCaPaEBR
_cCaPaEBR
035 _a(OCoLC)794189593
050 1 4 _aHC447
_b.I53 2012eb
245 0 0 _aIndonesia
_h[electronic resource] :
_bsustaining growth during global volatility /
_ceditor, Thomas Rumbaugh.
260 _aWashington, D.C. :
_bInternational Monetary Fund,
_cc2012.
300 _axv, 125 p.
504 _aIncludes bibliographical references and index.
533 _aElectronic reproduction.
_bPalo Alto, Calif. :
_cebrary,
_d2011.
_nAvailable via World Wide Web.
_nAccess may be limited to ebrary affiliated libraries.
650 0 _aCorporate governance
_zIndonesia.
650 0 _aCorporations
_zIndonesia.
650 0 _aDebts, Public
_zIndonesia.
650 0 _aFiscal policy
_zIndonesia.
650 0 _aForeign exchange reserves
_zIndonesia.
650 0 _aInflation (Finance)
_zIndonesia.
650 0 _aMonetary policy
_zIndonesia.
651 0 _aIndonesia
_xEconomic policy.
655 7 _aElectronic books.
_2local
700 1 _aRumbaugh, Thomas.
710 2 _aebrary, Inc.
710 2 _aInternational Monetary Fund.
856 4 0 _uhttp://site.ebrary.com/lib/rucke/Doc?id=10547375
_zAn electronic book accessible through the World Wide Web; click to view
999 _c249119
_d249119